Fiktivní firma a její role při rozvoji ekonomických znalostí a jazykových dovedností
Vymedzenie pojmu fiktívna firma. Založenie fiktívnej firmy. Medzinárodná spolupráca v oblasti fiktívnych firiem. Organizácia Europen a jej funkcie. Význam cudzích jazykov pre prácu fiktívnej firmy.
Salvato in:
| Autore principale: | |
|---|---|
| Natura: | Capitolo di libro |
| Lingua: | ceco |
| Soggetti: | |
| Tags: |
Nessun Tag, puoi essere il primo ad aggiungerne!!
|
MARC
| LEADER | 00000naa$a2200000$$$4500 | ||
|---|---|---|---|
| 001 | 0055000 | ||
| 005 | 20231116103731.0 | ||
| 041 | 0 | |a cze | |
| 044 | |a CZ | ||
| 245 | 1 | 0 | |a Fiktivní firma a její role při rozvoji ekonomických znalostí a jazykových dovedností |c Miroslava Žirovnická |
| 520 | |a Vymedzenie pojmu fiktívna firma. Založenie fiktívnej firmy. Medzinárodná spolupráca v oblasti fiktívnych firiem. Organizácia Europen a jej funkcie. Význam cudzích jazykov pre prácu fiktívnej firmy. | ||
| 610 | 2 | 0 | |a firmy cvičné |
| 610 | 2 | 0 | |a jazyky cudzie |
| 610 | 2 | 0 | |a komunikácia |
| 610 | 2 | 0 | |a spolupráca medzinárodná |
| 610 | 2 | 0 | |a pojmy |
| 100 | 1 | |a Žirovnická, Miroslava | |